Städte in Frankreich - Statistiken

Allgemein
  • Dieses Quiz wurde 212 mal gespielt
    161 seit der letzten Aktualisierung
  • Das Durchschnittsergebnis liegt bei 10 aus 15
Answers on the Grid
Answers color-coded by a green-red scale on the quiz's grid according to % correct below.
Bilbao
Poitiers
Saragossa
Faro
Bordeaux
Benevento
Montpellier
Pescara
Brescia
Reims
Caen
Niebüll
Sligo
Nantes
Limoges
Tralee
Toulouse
Cannes
Bulle
Orléans
Montreux
Tours
Le Mans
Murten
Amiens
Bourges
Lucca
Ferrara
Mâcon
Pula
 
Antwortstatistiken
Antwort % Korrekt
Bordeaux
92%
Montpellier
88%
Toulouse
86%
Nantes
84%
Reims
81%
Cannes
77%
Caen
66%
Le Mans
63%
Orléans
60%
Tours
55%
Amiens
53%
Poitiers
47%
Bourges
44%
Limoges
43%
Mâcon
38%
Keine übereinstimmenden Quizze gefunden
Verteilung der Resultate
Anzahl Personen mit jedem Resultat
Perzentil nach korrekt beantworteten Fragen
Ihre Resultats-Entwicklung
Sie haben dieses Quiz seit der letzten Aktualisierung nicht gespielt